| 000 | 01073cam a2200301 a 4500 | ||
|---|---|---|---|
| 001 | 16089080 | ||
| 005 | 20141211090511.0 | ||
| 008 | 100209s2011 maua b 001 0 eng | ||
| 010 | _a 2010005278 | ||
| 020 | _a9780137033270 (hbk.) | ||
| 020 | _a0137033273 (hbk.) | ||
| 035 | _a(OCoLC)ocn457156936 | ||
| 040 |
_aDLC _cDLC _dYDX _dCDX _dYDXCP _dSLV _dDLC |
||
| 043 | _an-us--- | ||
| 050 | 0 | 0 |
_aLC 3981 _b.F75 2011 |
| 082 | 0 | 0 | _a371.9 |
| 100 | 1 |
_aFriend, Marilyn Penovich, _d1953- |
|
| 245 | 1 | 0 |
_aSpecial education : _bcontemporary perspectives for school professionals / _cMarilyn Friend. |
| 250 | _a3rd ed. | ||
| 260 |
_aBoston : _bPearson, _c2011. |
||
| 300 |
_axxxi, 602 pages : _billustration (chiefly colored) ; _c29 cm. |
||
| 504 | _aIncludes bibliographical references and indexes. | ||
| 650 | 0 |
_aSpecial education _zUnited States. |
|
| 650 | 0 |
_aInclusive education _zUnited States. |
|
| 906 |
_a7 _bcbc _corignew _d1 _eecip _f20 _gy-gencatlg |
||
| 942 |
_2lcc _cBK _kFOR |
||
| 999 |
_c276924 _d276924 |
||